Science Quiz

Random Science or Astronomy Quiz

Planets by Size Quiz Stats

 Plays Quiz Updated Oct 13, 2015

Challenge
Share
Tweet
Embed
Score 0/8 Timer 01:00
7 Plays Today
% Correct
???
99.8%
???
88.6%
???
60.4%
???
54.2%
???
38.9%
???
25.4%
???
24.7%
???
24%

You're not logged in!

Compare scores with friends on all Sporcle quizzes.
OR
Log In

You Might Also Like...

Show Comments

Extras

Top Quizzes Today


Score Distribution

Your Account Isn't Verified!

In order to create a playlist on Sporcle, you need to verify the email address you used during registration. Go to your Sporcle Settings to finish the process.

Report this User

Report this user for behavior that violates our Community Guidelines.

Details: